000 00504nam a22001937a 4500
003 mut
005 20240606081225.0
008 170929b xxu||||| |||| 00| 0 eng d
020 _a007090653X
040 _cmut
050 _aHG 4026
_b.C64 2005
245 _aCorporate finance
250 _a4th Canadian ed.
260 _aToronto
_bMcGraw Hill
_c2005
650 _aCorporations
_xFinance
650 _aCorporations
_zCanada
_xFinance
700 _aRoss, Stephen A. [et al...]
942 _2lcc
_cBK
999 _c12440
_d12440